Analysis of Flue Gas of Diesel Engine by Designing and Developing A Heat recovery System (Record no. 57540)

MARC details
000 -LEADER
fixed length control field 00342nam a22001097a 4500
100 ## - MAIN ENTRY--AUTHOR NAME
Personal name Muhammad Zeeshan
-- 13ME36
245 ## - TITLE STATEMENT
Title Analysis of Flue Gas of Diesel Engine by Designing and Developing A Heat recovery System
260 ## - PUBLICATION, DISTRIBUTION, ETC. (IMPRINT)
Place of publication Nawabshah:
Name of publisher QUEST,
Year of publication 2016.
300 ## - PHYSICAL DESCRIPTION
Number of Pages 45p. ;
700 ## - ADDED ENTRY--PERSONAL NAME
Personal name Department of Mechanical Engineering
942 ## - ADDED ENTRY ELEMENTS (KOHA)
Koha item type Thesis and Dissertation
Holdings
Withdrawn status Lost status Home library Current library Date acquired Full call number Accession Number Koha item type
    Central Library, QUEST, Nawabshah Research Section 29/03/2017 13ME36 MEP/28-365 Thesis and Dissertation